Stolen Base Leader Each Year Since 2000 - Statistics

General Stats
  • This quiz has been taken 4 times
  • The average score is 8 of 26
Answer Stats
Year Stolen Bases Player % Correct
2023 73 Ronald Acuna Jr.
75%
2024 67 Elly De La Cruz
50%
2001 46 Ichiro Suzuki
50%
2007 78 Jose Reyes
50%
2006 64 Jose Reyes
50%
2010 68 Juan Pierre
50%
2003 65 Juan Pierre
50%
2020 24 Adalberto Mondesi
25%
2005 60 Chone Figgins
25%
2017 60 Dee Gordon
25%
2015 58 Dee Gordon
25%
2014 64 Dee Gordon
25%
2013 52 Jacoby Ellsbury
25%
2009 70 Jacoby Ellsbury
25%
2016 62 Jonathan Villar
25%
2022 41 Jon Berti
25%
2025 49 Juan Soto/Oneil Cruz/Jose Caballero
25%
2002 48 Luis Castillo
25%
2000 62 Luis Castillo
25%
2019 46 Mallex Smith
25%
2011 61 Michael Bourn
25%
2012 44 Mike Trout
25%
2021 40 Whit Merrifield
25%
2018 45 Whit Merrifield
25%
2008 68 Willy Taveras
25%
2004 70 Scott Podsednik
0%
No matching quizzes found
Score Distribution
Percent of People with Each Score
Percentile by Number Answered
Your Score History
You have not taken this quiz